000 01054cam a22003015a 4500
003 EG-ScBUE
005 20220628101737.0
008 180828t1982 enka f b 001 0 eng d
020 _a0709926022
040 _aEG-ScBUE
_beng
_erda
_cEG-ScBUE
_dEG-ScBUE
082 0 4 _a440
_bSTU
_222
245 0 0 _aStudies in the romance verb :
_bessays offered to Joe Cremona on the occasion of his 60th birthday /
_cedited by Nigel Vincent and Martin Harris.
264 1 _aLondon ;
_aCanberra :
_bCroom Helm,
_c[1982]
264 4 _cc1982
300 _axxvii, 222 pages :
_billustrations ;
_c23 cm
336 _2rdacontent
_atext
_btxt
337 _2rdamedia
_aunmediated
_bn
338 _2rdacarrier
_avolume
_bnc
504 _aIncludes bibliographical references and index.
600 1 7 _aCremona, Joe,
_d1922-2003.
_2BUEsh
650 7 _aRomance languages
_xVerb.
_2BUEsh
651 _2BUEsh
653 _bHHUUEENN
_cAugust2018
655 _vReading book
_934232
700 1 _aVincent, Nigel,
_eeditor.
700 1 _aHarris, Martin,
_d1944-
_eeditor.
942 _2ddc
_cBB
999 _c7303
_d7303